[Event "Sport Summer 2016"]
[Site "Paracin"]
[Date "2016.07.12"]
[Round "7.12"]
[White "Ratkovic, Milovan"]
[Black "Tosic, Srecko"]
[Result "1-0"]
[BlackElo "2340"]
[WhiteElo "2382"]
[LiveChessVersion "1.4.8"]

1. d4 {[%clk 1:30:56]} Nf6 {[%clk 1:30:52]} 2. Bg5 {[%clk 1:30:46]} Ne4
{[%clk 1:28:29]} 3. h4 {[%clk 1:30:25]} d5 {[%clk 1:26:01]} 4. Nd2
{[%clk 1:30:38]} Bf5 {[%clk 1:25:27]} 5. e3 {[%clk 1:28:58]} h6 {[%clk 1:19:30]}
6. Bf4 {[%clk 1:29:12]} Nxd2 {[%clk 1:18:29]} 7. Qxd2 {[%clk 1:29:13]} e6
{[%clk 1:18:33]} 8. Bd3 {[%clk 1:27:04]} Bxd3 {[%clk 1:16:26]} 9. Qxd3
{[%clk 1:26:37]} Nd7 {[%clk 1:14:39]} 10. Nf3 {[%clk 1:24:04]} Bd6
{[%clk 1:14:09]} 11. O-O-O {[%clk 1:15:23]} Bxf4 {[%clk 1:06:46]} 12. exf4
{[%clk 1:15:46]} Qf6 {[%clk 1:07:05]} 13. g3 {[%clk 1:15:46]} O-O-O
{[%clk 1:05:03]} 14. Kb1 {[%clk 1:16:09]} Kb8 {[%clk 1:03:58]} 15. Rhe1
{[%clk 1:14:46]} c5 {[%clk 1:01:08]} 16. dxc5 {[%clk 1:09:10]} Nxc5
{[%clk 0:59:22]} 17. Qb5 {[%clk 1:08:43]} Rc8 {[%clk 0:58:33]} 18. Ne5
{[%clk 1:06:01]} Rhd8 {[%clk 0:54:53]} 19. Re3 {[%clk 1:00:06]} Rd6
{[%clk 0:40:59]} 20. Rc3 {[%clk 0:55:58]} a6 {[%clk 0:37:35]} 21. Qb4
{[%clk 0:54:04]} a5 {[%clk 0:22:04]} 22. Qb5 {[%clk 0:48:08]} Ne4
{[%clk 0:20:18]} 23. Rxc8+ {[%clk 0:47:10]} Kxc8 {[%clk 0:20:43]} 24. f3
{[%clk 0:47:18]} Nxg3 {[%clk 0:17:47]} 25. Qc5+ {[%clk 0:47:34]} Rc6
{[%clk 0:18:12]} 26. Nxc6 {[%clk 0:47:40]} bxc6 {[%clk 0:18:35]} 27. Qxc6+
{[%clk 0:47:57]} Kd8 {[%clk 0:18:50]} 28. Qd6+ {[%clk 0:45:27]} Ke8
{[%clk 0:18:46]} 29. a4 {[%clk 0:43:46]} Qxh4 {[%clk 0:17:33]} 30. Qc6+
{[%clk 0:44:01]} Ke7 {[%clk 0:15:17]} 31. Qc7+ {[%clk 0:44:21]} Ke8
{[%clk 0:13:58]} 32. Qxa5 {[%clk 0:43:52]} Qxf4 {[%clk 0:13:56]} 33. Qb5+
{[%clk 0:43:44]} Ke7 {[%clk 0:14:14]} 34. a5 {[%clk 0:39:43]} Qxf3
{[%clk 0:13:26]} 35. Qd3 {[%clk 0:39:58]} Qf2 {[%clk 0:13:08]} 36. a6
{[%clk 0:40:13]} 1-0

[Event "Sport Summer 2016"]
[Site "Paracin"]
[Date "2016.07.12"]
[Round "7.13"]
[White "Nester, Ihor"]
[Black "Atakisi, Umut"]
[Result "1/2-1/2"]
[BlackElo "2378"]
[WhiteElo "2300"]
[LiveChessVersion "1.4.8"]

1. Nf3 {[%clk 1:25:11]} d5 {[%clk 1:30:52]} 2. d4 {[%clk 1:25:36]} Nf6
{[%clk 1:31:17]} 3. c4 {[%clk 1:26:03]} c6 {[%clk 1:31:42]} 4. Qc2
{[%clk 1:26:29]} g6 {[%clk 1:31:51]} 5. e3 {[%clk 1:25:51]} Bg7 {[%clk 1:32:15]}
6. Bd3 {[%clk 1:26:16]} O-O {[%clk 1:32:40]} 7. O-O {[%clk 1:26:42]} c5
{[%clk 1:32:57]} 8. dxc5 {[%clk 1:25:06]} Na6 {[%clk 1:31:34]} 9. cxd5
{[%clk 1:21:49]} Nb4 {[%clk 1:27:07]} 10. Qb3 {[%clk 1:22:17]} Nxd3
{[%clk 1:26:11]} 11. Qxd3 {[%clk 1:22:45]} Bf5 {[%clk 1:17:19]} 12. Qb5
{[%clk 1:19:39]} Bxb1 {[%clk 1:03:49]} 13. Rxb1 {[%clk 1:20:00]} Qxd5
{[%clk 1:04:06]} 14. b4 {[%clk 1:10:55]} Qxa2 {[%clk 0:46:15]} 15. Bb2
{[%clk 1:02:10]} a6 {[%clk 0:36:10]} 16. Qd3 {[%clk 0:58:09]} Rfd8
{[%clk 0:31:18]} 17. Bd4 {[%clk 0:58:03]} Qd5 {[%clk 0:22:22]} 18. Qb3
{[%clk 0:50:01]} Qxb3 {[%clk 0:15:08]} 19. Rxb3 {[%clk 0:50:30]} Nd5
{[%clk 0:13:36]} 20. b5 {[%clk 0:48:48]} a5 {[%clk 0:12:20]} 21. Ra1
{[%clk 0:46:27]} Nb4 {[%clk 0:09:55]} 22. g3 {[%clk 0:45:42]} f6 {[%clk 0:08:18]}
23. Bc3 {[%clk 0:30:51]} Nd3 {[%clk 0:08:46]} 24. c6 {[%clk 0:29:13]} bxc6
{[%clk 0:09:02]} 25. bxc6 {[%clk 0:29:42]} a4 {[%clk 0:07:01]} 26. Rb5
{[%clk 0:24:05]} Rdc8 {[%clk 0:05:53]} 27. Rd5 {[%clk 0:23:08]} Ne5
{[%clk 0:05:19]} 28. Nxe5 {[%clk 0:22:31]} fxe5 {[%clk 0:05:45]} 29. Rc5
{[%clk 0:19:00]} e4 {[%clk 0:02:49]} 30. Ra3 {[%clk 0:17:25]} Bxc3
{[%clk 0:00:43]} 31. Rcxc3 {[%clk 0:17:48]} Ra6 {[%clk 0:00:56]} 32. Rc4
{[%clk 0:18:13]} Rcxc6 {[%clk 0:01:16]} 33. Rxe4 {[%clk 0:18:26]} Kf7
{[%clk 0:01:30]} 34. Raxa4 {[%clk 0:18:40]} Rxa4 {[%clk 0:01:55]} 35. Rxa4
{[%clk 0:19:07]} h5 {[%clk 0:02:12]} 36. h3 {[%clk 0:18:37]} e5 {[%clk 0:02:25]}
37. h4 {[%clk 0:16:46]} Kf6 {[%clk 0:02:46]} 38. Kg2 {[%clk 0:17:06]} Kf5
{[%clk 0:02:26]} 39. Ra8 {[%clk 0:11:37]} Ke4 {[%clk 0:01:33]} 40. Rf8
{[%clk 0:11:19]} Rb6 {[%clk 0:01:42]} 41. g4 {[%clk 0:08:54]} hxg4
{[%clk 0:01:10]} 42. Kg3 {[%clk 0:09:18]} Ra6 {[%clk 0:00:51]} 43. Kxg4
{[%clk 0:09:27]} Ra1 {[%clk 0:01:08]} 44. Rf6 {[%clk 0:09:29]} Rg1+
{[%clk 0:00:58]} 45. Kh3 {[%clk 0:09:51]} Kd3 {[%clk 0:01:13]} 46. Rf3
{[%clk 0:03:58]} Ke2 {[%clk 0:01:13]} 47. Rg3 {[%clk 0:03:43]} Rh1+
{[%clk 0:01:07]} 48. Kg2 {[%clk 0:03:57]} Rxh4 {[%clk 0:01:17]} 49. Rxg6
{[%clk 0:04:21]} Rh8 {[%clk 0:01:19]} 50. Rf6 {[%clk 0:03:24]} Rg8+
{[%clk 0:01:36]} 51. Kh3 {[%clk 0:03:46]} e4 {[%clk 0:00:59]} 52. Rf4
{[%clk 0:03:44]} Rg1 {[%clk 0:00:53]} 53. Rg4 {[%clk 0:01:38]} Rf1
{[%clk 0:01:08]} 54. Rxe4 {[%clk 0:01:19]} Rxf2 {[%clk 0:01:32]} 55. Kg4
{[%clk 0:01:42]} Rf3 {[%clk 0:01:39]} 56. Re8 {[%clk 0:01:41]} Rxe3
{[%clk 0:02:03]} 57. Rxe3+ {[%clk 0:02:08]} Kxe3 {[%clk 0:02:30]} 1/2-1/2

[Event "Sport Summer 2016"]
[Site "Paracin"]
[Date "2016.07.12"]
[Round "7.14"]
[White "Budimir, Boris"]
[Black "Lajthajm, Borko"]
[Result "0-1"]
[BlackElo "2433"]
[WhiteElo "2272"]
[LiveChessVersion "1.4.8"]

1. c4 {[%clk 1:30:58]} e5 {[%clk 1:30:47]} 2. Nc3 {[%clk 1:31:22]} Nf6
{[%clk 1:31:01]} 3. g3 {[%clk 1:31:46]} c6 {[%clk 1:30:31]} 4. Bg2
{[%clk 1:31:08]} Bb4 {[%clk 1:30:50]} 5. e4 {[%clk 1:28:18]} O-O {[%clk 1:30:46]}
6. Nge2 {[%clk 1:28:41]} d6 {[%clk 1:30:47]} 7. O-O {[%clk 1:28:01]} Be6
{[%clk 1:30:12]} 8. d3 {[%clk 1:26:23]} Qc8 {[%clk 1:27:16]} 9. Bg5
{[%clk 1:10:22]} Nbd7 {[%clk 1:23:47]} 10. a3 {[%clk 1:07:44]} Ba5
{[%clk 1:23:33]} 11. Rc1 {[%clk 1:00:42]} h6 {[%clk 1:23:20]} 12. Bd2
{[%clk 0:59:34]} Bb6 {[%clk 1:21:30]} 13. Nd5 {[%clk 0:53:27]} cxd5
{[%clk 1:20:06]} 14. cxd5 {[%clk 0:53:51]} Nc5 {[%clk 1:18:05]} 15. dxe6
{[%clk 0:51:16]} Qxe6 {[%clk 1:18:29]} 16. Bc3 {[%clk 0:49:50]} Nb3
{[%clk 1:17:08]} 17. Rb1 {[%clk 0:50:18]} a5 {[%clk 1:13:01]} 18. d4
{[%clk 0:41:20]} a4 {[%clk 1:13:16]} 19. d5 {[%clk 0:41:09]} Qd7 {[%clk 1:09:39]}
20. Nc1 {[%clk 0:37:50]} Nc5 {[%clk 1:09:54]} 21. Qe2 {[%clk 0:38:12]} Rfc8
{[%clk 1:08:51]} 22. Nd3 {[%clk 0:35:22]} Qb5 {[%clk 1:07:57]} 23. Rbd1
{[%clk 0:33:25]} Ba5 {[%clk 1:04:52]} 24. Bxa5 {[%clk 0:33:00]} Rxa5
{[%clk 1:05:15]} 25. Qc2 {[%clk 0:32:10]} Rc7 {[%clk 0:59:57]} 26. Rc1
{[%clk 0:22:49]} Qb6 {[%clk 0:57:18]} 27. Rfd1 {[%clk 0:22:34]} Rb5
{[%clk 0:53:32]} 28. Nb4 {[%clk 0:21:14]} Na6 {[%clk 0:47:08]} 29. Qxa4
{[%clk 0:20:39]} Ng4 {[%clk 0:45:08]} 30. Nd3 {[%clk 0:19:32]} Nxf2
{[%clk 0:44:08]} 31. Nxf2 {[%clk 0:18:36]} Rxb2 {[%clk 0:44:27]} 32. Qe8+
{[%clk 0:17:37]} Kh7 {[%clk 0:44:52]} 33. Rf1 {[%clk 0:18:02]} Rxc1
{[%clk 0:44:28]} 34. Qxf7 {[%clk 0:17:56]} Rxf1+ {[%clk 0:44:33]} 35. Bxf1
{[%clk 0:18:04]} Qc7 {[%clk 0:41:52]} 36. Qf8 {[%clk 0:15:27]} Qd7
{[%clk 0:40:29]} 37. Bh3 {[%clk 0:13:18]} Rxf2 {[%clk 0:40:20]} 38. Kxf2
{[%clk 0:13:47]} Qxh3 {[%clk 0:40:40]} 39. Qxd6 {[%clk 0:14:15]} Qxh2+
{[%clk 0:40:53]} 40. Kf3 {[%clk 0:14:16]} Qh1+ {[%clk 0:41:12]} 41. Ke3
{[%clk 0:14:37]} Qg1+ {[%clk 0:41:18]} 42. Kf3 {[%clk 0:14:59]} Qd4
{[%clk 0:41:29]} 0-1

[Event "Sport Summer 2016"]
[Site "Paracin"]
[Date "2016.07.12"]
[Round "7.15"]
[White "Obodchuk, Andrei"]
[Black "Tomic, Aleksandar"]
[Result "1/2-1/2"]
[BlackElo "2272"]
[WhiteElo "2395"]
[LiveChessVersion "1.4.8"]

1. d4 {[%clk 1:30:44]} Nf6 {[%clk 1:30:49]} 2. c4 {[%clk 1:31:10]} e6
{[%clk 1:31:06]} 3. Nf3 {[%clk 1:31:22]} Bb4+ {[%clk 1:31:21]} 4. Nbd2
{[%clk 1:31:44]} b6 {[%clk 1:31:38]} 5. a3 {[%clk 1:31:45]} Bxd2+
{[%clk 1:31:49]} 6. Bxd2 {[%clk 1:31:43]} Bb7 {[%clk 1:31:23]} 7. Bg5
{[%clk 1:32:06]} d6 {[%clk 1:30:43]} 8. e3 {[%clk 1:31:23]} Nbd7 {[%clk 1:30:19]}
9. Nd2 {[%clk 1:24:32]} h6 {[%clk 1:27:33]} 10. Bh4 {[%clk 1:24:56]} O-O
{[%clk 1:23:23]} 11. f3 {[%clk 1:23:45]} a5 {[%clk 1:16:46]} 12. Bd3
{[%clk 1:21:49]} Qe7 {[%clk 1:13:13]} 13. O-O {[%clk 1:17:20]} c5
{[%clk 1:07:10]} 14. Ne4 {[%clk 1:02:34]} d5 {[%clk 0:49:26]} 15. Nc3
{[%clk 0:54:53]} cxd4 {[%clk 0:46:35]} 16. exd4 {[%clk 0:55:20]} dxc4
{[%clk 0:46:36]} 17. Bxc4 {[%clk 0:55:43]} Rfc8 {[%clk 0:44:57]} 18. Qd3
{[%clk 0:53:28]} Rd8 {[%clk 0:34:33]} 19. Qe3 {[%clk 0:49:13]} Nf8
{[%clk 0:25:37]} 20. Ne4 {[%clk 0:45:00]} N8h7 {[%clk 0:21:07]} 21. Rfd1
{[%clk 0:42:13]} Rac8 {[%clk 0:18:18]} 22. Rac1 {[%clk 0:41:51]} g5
{[%clk 0:09:20]} 23. Bg3 {[%clk 0:39:33]} Nd5 {[%clk 0:07:07]} 24. Qb3
{[%clk 0:39:15]} f5 {[%clk 0:04:27]} 25. Nd2 {[%clk 0:39:28]} Nhf6
{[%clk 0:04:03]} 26. Re1 {[%clk 0:37:31]} Rc6 {[%clk 0:01:58]} 27. Rcd1
{[%clk 0:37:11]} Qf7 {[%clk 0:01:23]} 28. Bb5 {[%clk 0:37:21]} Rcc8
{[%clk 0:01:27]} 29. Nc4 {[%clk 0:37:27]} f4 {[%clk 0:01:32]} 30. Bf2
{[%clk 0:37:28]} Rb8 {[%clk 0:01:13]} 31. Ne5 {[%clk 0:37:20]} Qg7
{[%clk 0:01:04]} 32. Bf1 {[%clk 0:31:40]} Ne8 {[%clk 0:00:51]} 33. Bd3
{[%clk 0:29:45]} Nd6 {[%clk 0:00:56]} 34. Nc4 {[%clk 0:27:05]} Nxc4
{[%clk 0:01:03]} 35. Bxc4 {[%clk 0:27:34]} Qf6 {[%clk 0:01:00]} 36. Re5
{[%clk 0:27:43]} Bc6 {[%clk 0:01:01]} 37. Rde1 {[%clk 0:27:47]} b5
{[%clk 0:01:03]} 38. Rxe6 {[%clk 0:26:39]} bxc4 {[%clk 0:01:16]} 39. Qc2
{[%clk 0:26:39]} Qf7 {[%clk 0:00:42]} 40. Rxc6 {[%clk 0:26:49]} Rb6
{[%clk 0:00:36]} 41. Rxc4 {[%clk 0:26:10]} Qb7 {[%clk 0:00:36]} 42. Rc5
{[%clk 0:24:27]} Rxb2 43. Qg6+ {[%clk 0:24:39]} Qg7 {[%clk 0:00:46]} 44. Re8+
{[%clk 0:24:58]} Rxe8 {[%clk 0:01:09]} 45. Qxe8+ {[%clk 0:25:24]} Kh7
{[%clk 0:01:05]} 46. Qe4+ {[%clk 0:25:51]} Qg6 {[%clk 0:01:20]} 47. h4
{[%clk 0:24:51]} Qxe4 {[%clk 0:01:20]} 48. fxe4 {[%clk 0:25:20]} Nf6
{[%clk 0:01:50]} 49. Rc1 {[%clk 0:21:38]} Nxe4 {[%clk 0:01:43]} 50. Be1
{[%clk 0:21:58]} Ra2 {[%clk 0:01:34]} 51. hxg5 {[%clk 0:22:17]} hxg5
{[%clk 0:01:32]} 52. Bxa5 {[%clk 0:22:18]} Rxa3 {[%clk 0:01:49]} 53. Re1
{[%clk 0:20:59]} Rxa5 {[%clk 0:01:17]} 54. Rxe4 {[%clk 0:21:27]} Kg6
{[%clk 0:01:32]} 55. Re2 {[%clk 0:17:47]} Kf5 {[%clk 0:01:36]} 56. Kf2
{[%clk 0:18:10]} g4 {[%clk 0:01:44]} 57. Re8 {[%clk 0:14:16]} Ra2+
{[%clk 0:01:23]} 58. Kf1 {[%clk 0:14:03]} g3 {[%clk 0:00:55]} 59. Re5+
{[%clk 0:12:37]} Kg4 {[%clk 0:01:02]} 60. Re1 {[%clk 0:12:29]} Rf2+
{[%clk 0:01:16]} 61. Kg1 {[%clk 0:12:57]} Rd2 {[%clk 0:01:29]} 62. Rf1
{[%clk 0:13:00]} Rxd4 {[%clk 0:01:46]} 63. Rc1 {[%clk 0:13:18]} Rd2
{[%clk 0:01:53]} 64. Ra1 {[%clk 0:12:27]} Kf5 {[%clk 0:02:10]} 65. Re1
{[%clk 0:12:35]} Rc2 {[%clk 0:01:38]} 66. Kf1 {[%clk 0:12:44]} Rb2
{[%clk 0:01:33]} 67. Kg1 {[%clk 0:13:06]} Rf2 {[%clk 0:01:32]} 68. Re8
{[%clk 0:13:20]} Rb2 {[%clk 0:01:47]} 69. Re1 {[%clk 0:13:43]} Kg4
{[%clk 0:02:10]} 70. Ra1 {[%clk 0:14:03]} 1/2-1/2

[Event "Sport Summer 2016"]
[Site "Paracin"]
[Date "2016.07.12"]
[Round "7.16"]
[White "Pantelic, Sasa"]
[Black "Kaufeld, Juergen"]
[Result "0-1"]
[BlackElo "2271"]
[WhiteElo "2340"]
[LiveChessVersion "1.4.8"]

1. d4 {[%clk 1:30:57]} Nf6 {[%clk 1:30:51]} 2. c4 {[%clk 1:31:19]} g6
{[%clk 1:31:14]} 3. Nc3 {[%clk 1:31:44]} d5 {[%clk 1:31:38]} 4. Bf4
{[%clk 1:31:42]} Bg7 {[%clk 1:31:23]} 5. e3 {[%clk 1:32:04]} O-O {[%clk 1:31:00]}
6. Rc1 {[%clk 1:27:04]} Be6 {[%clk 1:28:34]} 7. Qb3 {[%clk 1:26:03]} c5
{[%clk 1:28:53]} 8. dxc5 {[%clk 1:23:58]} Na6 {[%clk 1:25:53]} 9. Nf3
{[%clk 1:20:50]} dxc4 {[%clk 1:15:36]} 10. Qb5 {[%clk 1:07:15]} Nd5
{[%clk 0:52:57]} 11. Bxc4 {[%clk 1:01:51]} Nxc3 {[%clk 0:44:28]} 12. bxc3
{[%clk 1:01:35]} Bxc4 {[%clk 0:43:51]} 13. Qxc4 {[%clk 1:01:42]} Rc8
{[%clk 0:44:06]} 14. O-O {[%clk 1:01:05]} Nxc5 {[%clk 0:44:08]} 15. Rfd1
{[%clk 0:55:33]} Qa5 {[%clk 0:44:19]} 16. h3 {[%clk 0:49:31]} Na4
{[%clk 0:23:37]} 17. Rd5 {[%clk 0:39:37]} Rxc4 {[%clk 0:23:50]} 18. Rxa5
{[%clk 0:40:00]} Nxc3 {[%clk 0:23:59]} 19. Kf1 {[%clk 0:38:18]} a6
{[%clk 0:24:19]} 20. Ne5 {[%clk 0:33:22]} Rcc8 {[%clk 0:24:12]} 21. f3
{[%clk 0:26:10]} Nb5 {[%clk 0:21:03]} 22. Rxc8 {[%clk 0:19:28]} Rxc8
{[%clk 0:21:27]} 23. Ra4 {[%clk 0:19:51]} Rc2 {[%clk 0:18:13]} 24. Rc4
{[%clk 0:19:30]} Rxc4 {[%clk 0:18:15]} 25. Nxc4 {[%clk 0:19:54]} Nc3
{[%clk 0:18:20]} 26. Na5 {[%clk 0:19:35]} b5 {[%clk 0:18:15]} 27. Nc6
{[%clk 0:19:39]} Kf8 {[%clk 0:17:05]} 28. a3 {[%clk 0:18:53]} Nb1
{[%clk 0:14:33]} 29. Bg5 {[%clk 0:15:43]} f6 {[%clk 0:14:03]} 30. Bh4
{[%clk 0:16:07]} Nxa3 {[%clk 0:13:52]} 31. Be1 {[%clk 0:16:29]} Nc4
{[%clk 0:13:38]} 32. Ke2 {[%clk 0:16:18]} Ke8 {[%clk 0:13:19]} 33. f4
{[%clk 0:14:54]} f5 {[%clk 0:11:03]} 34. Bb4 {[%clk 0:13:48]} e5 {[%clk 0:10:14]}
35. Bc3 {[%clk 0:12:15]} Kf7 {[%clk 0:08:13]} 36. fxe5 {[%clk 0:12:32]} Bh6
{[%clk 0:08:14]} 37. Nd4 {[%clk 0:07:50]} Bxe3 {[%clk 0:07:03]} 38. e6+
{[%clk 0:07:03]} Ke8 {[%clk 0:07:23]} 39. Nc6 {[%clk 0:07:40]} Bc5
{[%clk 0:06:37]} 40. g4 {[%clk 0:06:44]} fxg4 {[%clk 0:05:21]} 41. hxg4
{[%clk 0:07:07]} Ne3 {[%clk 0:05:06]} 42. Kf3 {[%clk 0:05:42]} Nd5
{[%clk 0:05:25]} 43. Bd2 {[%clk 0:05:58]} Bd6 {[%clk 0:03:51]} 44. g5
{[%clk 0:05:43]} Nc7 {[%clk 0:03:29]} 45. Ke4 {[%clk 0:04:54]} Nxe6
{[%clk 0:03:44]} 46. Kd5 {[%clk 0:04:15]} Bf4 {[%clk 0:04:09]} 0-1

[Event "Sport Summer 2016"]
[Site "Paracin"]
[Date "2016.07.12"]
[Round "7.17"]
[White "Ardeleanu, Alin"]
[Black "Burcu, Cagatay"]
[Result "1/2-1/2"]
[BlackElo "2260"]
[WhiteElo "2338"]
[LiveChessVersion "1.4.8"]

1. e4 {[%clk 1:30:57]} e6 {[%clk 1:29:44]} 2. d4 {[%clk 1:31:11]} d5
{[%clk 1:30:06]} 3. Nc3 {[%clk 1:31:04]} Nf6 {[%clk 1:30:24]} 4. Bg5
{[%clk 1:28:58]} dxe4 {[%clk 1:30:43]} 5. Nxe4 {[%clk 1:28:52]} Be7
{[%clk 1:30:02]} 6. Bxf6 {[%clk 1:26:26]} gxf6 {[%clk 1:28:59]} 7. Nf3
{[%clk 1:25:50]} f5 {[%clk 1:29:14]} 8. Nc3 {[%clk 1:24:51]} a6 {[%clk 1:29:17]}
9. g3 {[%clk 1:12:47]} b5 {[%clk 1:24:45]} 10. Bg2 {[%clk 1:12:58]} Bb7
{[%clk 1:24:29]} 11. O-O {[%clk 1:12:26]} c5 {[%clk 1:20:43]} 12. dxc5
{[%clk 0:50:21]} Bxc5 {[%clk 1:20:58]} 13. Qxd8+ {[%clk 0:50:07]} Kxd8
{[%clk 1:21:22]} 14. Ne5 {[%clk 0:47:48]} Bxg2 {[%clk 1:21:35]} 15. Kxg2
{[%clk 0:48:08]} Ke7 {[%clk 1:21:59]} 16. Rad1 {[%clk 0:45:53]} f6
{[%clk 1:13:31]} 17. Nd3 {[%clk 0:45:09]} Bd6 {[%clk 1:13:30]} 18. Rfe1
{[%clk 0:45:10]} Nc6 {[%clk 1:04:50]} 19. a4 {[%clk 0:39:32]} b4 {[%clk 0:43:59]}
20. Nd5+ {[%clk 0:38:56]} Kf7 {[%clk 0:44:23]} 21. Nb6 {[%clk 0:38:32]} Rad8
{[%clk 0:44:45]} 22. Nc4 {[%clk 0:38:38]} Be7 {[%clk 0:44:58]} 23. Nf4
{[%clk 0:37:55]} e5 {[%clk 0:41:49]} 24. Nd5 {[%clk 0:37:20]} Bc5
{[%clk 0:41:46]} 25. Nce3 {[%clk 0:32:53]} Kg6 {[%clk 0:40:26]} 26. c3
{[%clk 0:29:47]} h5 {[%clk 0:37:36]} 27. h4 {[%clk 0:28:31]} b3 {[%clk 0:33:19]}
28. Nc4 {[%clk 0:25:22]} Rh7 {[%clk 0:30:16]} 29. Ndb6 {[%clk 0:25:10]} Rb7
{[%clk 0:29:24]} 30. Rxd8 {[%clk 0:24:53]} Nxd8 {[%clk 0:29:46]} 31. Nd5
{[%clk 0:15:55]} Ne6 {[%clk 0:25:27]} 32. Nf4+ {[%clk 0:13:07]} Kf7
{[%clk 0:21:40]} 33. Nxe6 {[%clk 0:12:39]} Kxe6 {[%clk 0:22:05]} 34. Rd1
{[%clk 0:12:43]} f4 {[%clk 0:20:25]} 35. Na5 {[%clk 0:10:56]} Rb8
{[%clk 0:20:25]} 36. gxf4 {[%clk 0:09:13]} Rg8+ {[%clk 0:20:46]} 37. Kf1
{[%clk 0:07:47]} Rg4 {[%clk 0:20:31]} 38. Nxb3 {[%clk 0:08:05]} Ba7
{[%clk 0:20:31]} 39. fxe5 {[%clk 0:08:13]} fxe5 {[%clk 0:20:55]} 40. a5
{[%clk 0:03:49]} Rxh4 {[%clk 0:21:20]} 41. Rd3 {[%clk 0:02:39]} Rf4
{[%clk 0:20:24]} 42. Rd2 {[%clk 0:02:47]} h4 {[%clk 0:15:53]} 43. Kg2
{[%clk 0:03:10]} Rg4+ {[%clk 0:15:29]} 44. Kh3 {[%clk 0:03:28]} Rf4
{[%clk 0:15:48]} 45. Kg2 {[%clk 0:03:51]} Kf5 46. f3 Ra4 47. Rd7 Be3 48. Rf7+ Ke6
49. Rh7 Rf4 1/2-1/2

[Event "Sport Summer 2016"]
[Site "Paracin"]
[Date "2016.07.12"]
[Round "7.18"]
[White "Blazeka, Matej"]
[Black "Baglan, Esat"]
[Result "0-1"]
[BlackElo "2246"]
[WhiteElo "2328"]
[LiveChessVersion "1.4.8"]

1. e4 {[%clk 1:30:56]} e6 {[%clk 1:28:33]} 2. d4 {[%clk 1:31:22]} d5
{[%clk 1:28:58]} 3. Nd2 {[%clk 1:31:50]} a6 {[%clk 1:29:23]} 4. c3
{[%clk 1:21:06]} c5 {[%clk 1:29:29]} 5. dxc5 {[%clk 1:19:09]} Bxc5
{[%clk 1:29:46]} 6. Nb3 {[%clk 1:18:21]} Bb6 {[%clk 1:29:21]} 7. exd5
{[%clk 1:18:16]} exd5 {[%clk 1:29:49]} 8. Nf3 {[%clk 1:12:24]} Nf6
{[%clk 1:29:40]} 9. Be2 {[%clk 1:10:18]} O-O {[%clk 1:29:17]} 10. O-O
{[%clk 1:00:30]} h6 {[%clk 1:29:16]} 11. Bf4 {[%clk 0:58:15]} Nc6
{[%clk 1:26:08]} 12. Nfd4 {[%clk 0:39:20]} Re8 {[%clk 1:25:12]} 13. Bf3
{[%clk 0:36:00]} Ne5 {[%clk 1:18:39]} 14. Bxe5 {[%clk 0:34:33]} Rxe5
{[%clk 1:18:37]} 15. Qd3 {[%clk 0:31:35]} Qe7 {[%clk 1:16:09]} 16. g3
{[%clk 0:32:00]} Bd7 {[%clk 1:14:57]} 17. Bg2 {[%clk 0:32:06]} Re8
{[%clk 1:11:18]} 18. Nd2 {[%clk 0:29:50]} Qd8 {[%clk 0:59:32]} 19. Rfd1
{[%clk 0:21:58]} Ne4 {[%clk 0:55:26]} 20. c4 {[%clk 0:12:12]} Nxd2
{[%clk 0:45:55]} 21. Qxd2 {[%clk 0:12:01]} dxc4 {[%clk 0:41:05]} 22. Bxb7
{[%clk 0:06:39]} Bg4 {[%clk 0:24:47]} 23. Bf3 {[%clk 0:05:19]} Qxd4
{[%clk 0:19:13]} 24. Qxd4 {[%clk 0:05:12]} Bxd4 {[%clk 0:19:40]} 25. Bxg4
{[%clk 0:05:35]} Bxb2 {[%clk 0:20:02]} 26. Rab1 {[%clk 0:06:04]} c3
{[%clk 0:20:02]} 27. Rf1 {[%clk 0:05:07]} Rc5 {[%clk 0:17:22]} 28. Kg2
{[%clk 0:03:46]} Rb8 {[%clk 0:17:33]} 29. Rfc1 {[%clk 0:03:58]} c2
{[%clk 0:17:41]} 0-1

[Event "Sport Summer 2016"]
[Site "Paracin"]
[Date "2016.07.12"]
[Round "7.19"]
[White "Agdelen, Huseyin Can"]
[Black "Ivic, Velimir"]
[Result "1-0"]
[BlackElo "2315"]
[WhiteElo "2061"]
[LiveChessVersion "1.4.8"]

1. e4 c5 2. Nf3 e6 3. d4 cxd4 4. Nxd4 Nc6 5. Nc3 d6 6. Be3 Nf6 7. Qd2 Be7 8. f3
O-O 9. O-O-O a6 10. g4 Nxd4 11. Bxd4 Nd7 12. Kb1 b5 13. h4 Qc7 14. g5 b4 15. Na4
a5 16. b3 Nc5 17. Bxc5 dxc5 18. Bc4 Rd8 19. Qe2 Bb7 20. Rdg1 Qe5 21. Qh2 Qd4 22.
Re1 Bd6 23. e5 Bc7 24. Qg3 Bc6 25. Nb2 a4 26. bxa4 Qc3 27. Bb3 Bd5 28. Qf4 Qxf3
29. Rhf1 Qxf4 30. Rxf4 Bc6 31. h5 g6 32. hxg6 hxg6 33. Nd3 Bb6 34. Nf2 c4 35.
Bxc4 Bxf2 36. Rxf2 Rd4 37. Bb3 Be4 38. Kb2 Bf5 39. Rh2 Ra5 40. Reh1 Kf8 41. Rh4
Re4 42. Rh8+ Ke7 43. Rd1 Rexe5 44. Rdd8 f6 45. Rhe8+ Kf7 46. Rf8+ Kg7 47. gxf6+
Kh6 48. Rh8+ Kg5 49. f7 1-0